What Do They Make? Quiz Stats

 Plays Quiz Updated Dec 26, 2018

Support Sporcle.
Go Orange.
Score 0/20 Timer 03:00
0 Plays Today
Companies/Brand Names Product % Correct
Toyota, Kia, Chevrolet, FiatCars
99.5%
Hershey, Cadbury, M&M Mars, NestleCandy
99.1%
Paramount, MGM, Universal, SonyMovies
99.1%
Nikon, Canon, Pentax, PolaroidCameras
97.6%
Kenner, Mattel, Hasbro, Fisher-PriceToys
97.5%
Colgate, Crest, Aquafresh, AimToothpaste
96.8%
Breyer's, Blue Bunny, Häagen-Dazs, Ben & Jerry'sIce Cream
96%
Revlon, Maybelline, Covergirl, L'OrealCosmetics
94%
Chobani, Fage, Yoplait, DannonYogurt
93.1%
Jack Daniels, Evan Williams, Crown Royal, Maker's MarkWhiskey
92.4%
Companies/Brand Names Product % Correct
Ivory, Dial, Dove, ZestSoap
91.7%
Beechcraft, Cessna, Boeing, RenardAirplanes
89.5%
Liz Claiborne, Levi Strauss, London Fog, ColumbiaClothing
89.4%
Craftsman, DeWalt, Stanley, Black & DeckerTools
87.4%
Serta, Stearns & Foster, Sealy, TempurPedicMattresses
86.8%
Iams, Science Diet, Beneful, NutroPet Food
86%
Rock Star, EA, LucasArts, KonamiVideo Games
84.1%
A&W, Barq's, Mug, HiresRoot Beer
82.3%
Mongoose, Huffy, Schwinn, RoadmasterBicycles
77.1%
Sherwin-Williams, Dutch Boy, Glidden, BehrPaint
74.4%

From the Vault

Densely Populated Countries

by davidr

This quiz is so dense, it's practically two quizzes in one!
Remove Ads.
Support Sporcle.
Get the best of Sporcle when you Go Orange. This ad-free experience offers more features, more stats, and more fun while also helping to support Sporcle. Thank you for becoming a member.

Show Comments

Extras

Top Quizzes Today


Score Distribution

Your Account Isn't Verified!

In order to create a playlist on Sporcle, you need to verify the email address you used during registration. Go to your Sporcle Settings to finish the process.

Report this User

Report this user for behavior that violates our Community Guidelines.

Details: